000 01063nac a22003377a 4500
001 BR8107094
003 BR-BrBNA
005 20240105115119.0
008 230509b bl.|||m| |||| 00| 0 por d
040 _aBR-BrBNA
_bpor
_cBiblioteca Nacional de Agricultura
072 _aE70
090 _aE70 BR8107094
100 1 _aConduru Junior, B.P.
100 1 _aLobao, W.
100 1 _aMarum, E.
100 1 _aRibeiro, E.N.
100 1 _aTillman, R.
100 1 _aPereira, M.A.E.
100 1 _aTandaya, L.R.B.
110 1 _aInstituto do Desenvolvimento Economico-Social do Para, Belem (Brasil)
245 1 _aO comercio varejista na regiao metropolitana de Belem [Brasil]
260 3 _aBelem, PA (Brasil):
_c1981.
300 _a41 p.
490 _aEstudos Paraenses - Instituto do Desenvolvimento Economico-Social do Para (Brazil)
_vno. 50
_x
500 _aNumerical data; 6 ref.; Summaries (En, Pt)
650 _aCOMERCIALIZACAO
650 _aBELEM
650 _aPARA
909 _a202312
_bLúcia Elande
_c55
_dLúcia Elande
942 _2AGRIS
_n0
_cMS
999 _c273123
_d273123